Prentice Hall literature : common core edition (Record no. 33792)

MARC details
000 -LEADER
fixed length control field 00508nam a2200169Ia 4500
020 ## - INTERNATIONAL STANDARD BOOK NUMBER
ISBN 9780133195538
050 ## - CALL MARK
Classification number PE 1479 .C7 P74/
245 #0 - TITLE STATEMENT
Title Prentice Hall literature : common core edition
260 ## - PUBLICATION, DISTRIBUTION, ETC. (IMPRINT)
Place of publication New Jersey
260 ## - PUBLICATION, DISTRIBUTION, ETC. (IMPRINT)
Name of publisher Pearson Prentice Hall
260 ## - PUBLICATION, DISTRIBUTION, ETC. (IMPRINT)
Year of publication 2012
300 ## - PHYSICAL DESCRIPTION
Number of Pages 1061 p
650 ## - SUBJECT ADDED ENTRY--TOPICAL TERM
Topical Term American literature--Study and teaching (Secondary)--Problems, exercises, etc. American literature.
942 ## - ADDED ENTRY ELEMENTS (KOHA)
Koha item type Books
Holdings
Withdrawn status Lost status Source of classification or shelving scheme Damaged status Not for loan Permanent Location Current Location Date acquired Accession Number Price effective from Koha item type
    Library of Congress Classification     NILE UNIVERSITY OF NIGERIA - MAIN LIBRARY NILE UNIVERSITY OF NIGERIA - MAIN LIBRARY 04/23/2025 0195067 04/23/2025 Books